00481nam a2200145Ia 4500008004100000245010700041260001800148260000900166300000800175500000900183650001300192856003800205999001900243952007300262170516s9999 xx 000 0 und d aChallenges, Solutions, and Quality Metrics of Personal Genome Assembly in Advancing Precision Medicine bPharmaceutics c2016 a8:2 aJune xPharmacy uhttp://www.mdpi.com/1999-4923/8/2 c331061d331061 001040aCLbCLd2017-05-16l0r2017-05-16 00:00:00w2017-05-16yFOJ